000 01010nam a2200301 4500
999 _c4809
_d4809
003 AKMAL
005 20200210105556.0
008 20 s2001 xxu 00 eng d
020 _a0071372342 (pbk.):
_cRM88.00
040 _aAKMAL
082 0 4 _a658.314 EPS
_221
090 2 0 _a658.314
_bEPS
100 1 _aEpstein, Robert,
_d1953-
_99166
245 1 4 _aThe big book of motivation games :
_bquick, fun activities for energizing people at work and at home /
_cRobert Epstein with Jessica Rogers
260 _aNew York :
_bMcGraw-Hill,
_c2001
300 0 0 _axix, 224p. :
_bill. ;
_c24cm
500 _aIncludes index
599 _aDALAM PROSES
650 0 _aEmployee motivation
_92790
650 0 _aManagement games
_99167
700 1 _aRogers, Jessica
_99168
942 _2ddc
_cBOOK